000
00335 a2200157 4500
001
154912
040
_c
Escola São Tomás de Aquino
100
_a
TITO, Francisco Miaragaia Peruzzo
240
1
0
_a
Química
_l
por
245
1
0
_a
Química
300
_a
760
362
0
_a
2007
440
1
_a
Moderna
697
_a
QUÍMICA
942
_c
BK
999
_c
154912
_d
154912